000 01017nam a22003377a 4500
001 BR8004019
003 BR-BrBNA
005 20230928090640.0
007 ta
008 230509b bl.||||| |||| 00| 0 por d
040 _aBR-BrBNA
_bpor
_cBiblioteca Nacional de Agricultura
041 _a(Por)
072 _aF00; F60; Q10
090 _ F00 BR8004019
100 1 _aCanecchio Filho, V.
110 1 _aInstituto Campineiro de Ensino Agricola, Campinas, SP (Brasil)
_95945
245 1 _aAdministracao tecnica agricola [Pratica cultural; Solo; Clima; Adubacao; Nutricao vegetal; Tecnologia de alimento]
250 1 _a6. ed.
260 3 _aCampinas, SP (Brasil):
_c1980.
300 _a554 p.
650 _aTECNOLOGIA DE ALIMENTO
650 _aPRATICA CULTURAL
650 _aCONSERVACAO DO SOLO
650 _aCULTIVO DO SOLO
650 _aCLIMA
650 _aDEFESA VEGETAL
650 _aMECANIZACAO AGRICOLA
650 _aINDUSTRIA ALIMENTICIA
909 _a202309
_bLucia
_c55
_dLucia Elande
942 _cBK
999 _c29821
_d29821